000 00292nam a2200121Ia 4500
008 191201s2015 xx 000 0 und d
100 _aNIRA, Konar
245 0 _aCommunication Skill for Professionals
250 _aRep
260 _c2015
_bPHI
_aNEW DELHI
300 _a204
942 _2ddc
_cBK
_02
999 _c7963
_d7963